London (Record no. 113596)

MARC details
000 -LEADER
fixed length control field 00810cam a22002055a 4500
001 - CONTROL NUMBER
control field L155484
008 - FIXED-LENGTH DATA ELEMENTS--GENERAL INFORMATION
fixed length control field 120326s1810 xxk f 000 0 eng d
035 ## - SYSTEM CONTROL NUMBER
System control number (Sirsi) u155484
041 0# - LANGUAGE CODE
Language code of text/sound track or separate title eng
100 1# - MAIN ENTRY--PERSONAL NAME
Personal name Pennant, Thomas
Dates associated with a name 1726-1798
245 00 - TITLE STATEMENT
Title London
Remainder of title being a complete guide to the British capital, containing an accurate and succinct account of its origin, rise, and progress / faithfully abridged from Mr. Pennant's London, and brought down to the present year by John Wallis
250 ## - EDITION STATEMENT
Edition statement 3rd ed.
260 ## - PUBLICATION, DISTRIBUTION, ETC.
Place of publication, distribution, etc. London
Name of publisher, distributor, etc. printed for Sherwood, Neely and Jones
Date of publication, distribution, etc. 1810
300 ## - PHYSICAL DESCRIPTION
Extent viii, 484, (12) p.
Dimensions 18 cm.
583 ## - ACTION NOTE
Action Condition reviewed
Time/date of action 20120620
Status condition level 1
651 #4 - SUBJECT ADDED ENTRY--GEOGRAPHIC NAME
Geographic name Great Britain
Chronological subdivision 1707-
690 ## - LOCAL SUBJECT ADDED ENTRY--TOPICAL TERM (OCLC, RLIN)
Topical term or geographic name as entry element Infrastructure
9 (RLIN) 6246
700 1# - ADDED ENTRY--PERSONAL NAME
Personal name Wallis, John
Dates associated with a name fl. 1798-1815
942 ## - ADDED ENTRY ELEMENTS (KOHA)
Suppress in OPAC 0
Holdings
Withdrawn status Lost status Damaged status Not for loan Home library Current library Shelving location Date acquired Total Checkouts Full call number Barcode Date last seen Copy number Price effective from Koha item type
        Historic collection Historic collection Historic collection 26/03/2012   REGIONAL OCTAVO 1810 PENNANT 30076740 26/08/2025 1 06/08/2019 Book